The Sacred Canopy : Elements of a Sociological Theory of Religion /

Estudio de la religión como producto social, desde la perspectiva de la sociología del conocimiento. Contenido: Parte I Elementos sistemáticos: 1) Religión y construcción del mundo; 2) Religión y conservación del mundo; 3) El problema de la teodicea; 4) Religión y alienación. Parte II Elementos hist...

全面介紹

Guardado en:
書目詳細資料
主要作者: Berger, Peter L. (autor)
格式: 圖書
語言:英语
出版: Nueva York, EUA Anchor Books, 1990, c1967
主題:
標簽: 添加標簽
沒有標簽, 成為第一個標記此記錄!

MARC

LEADER 00000nam^a2200000^a^4500
001 000321958
005 20250521000000.0
009 20260310113557.635
020 |a 978-0-385-07305-9 
020 |a 0-385-07305-4 
037 |a Acervo ITESO - Biblioteca 
041 |a ING 
082 |a 306. 6  |b BER 
100 |a Berger, Peter L.  |e (autor) 
240 1 1 |a [Para una teoría sociológica de la religión] 
240 1 4 |a [El dosel sagrado: elementos para una sociología de la religión] 
245 1 4 |a The Sacred Canopy :  |b Elements of a Sociological Theory of Religion /  |c P.L. Berger 
264 4 |a Nueva York, EUA  |b Anchor Books,  |c 1990, c1967 
300 |a VII, 229 p. 
336 |a texto  |b txt  |2 rdacontenido 
337 |a sin mediación  |b n  |2 rdamedio 
338 |a volumen  |b nc  |2 rdasoporte 
520 |a Estudio de la religión como producto social, desde la perspectiva de la sociología del conocimiento. Contenido: Parte I Elementos sistemáticos: 1) Religión y construcción del mundo; 2) Religión y conservación del mundo; 3) El problema de la teodicea; 4) Religión y alienación. Parte II Elementos históricos: 5) El proceso de secularización; 6) La secularización y el problema de la plausibilidad; 7) La secularización y el problema de la legitimación. Apéndices. 
521 |a 2012 BO Licenciatura en Ciencias de la Comunicación 
649 |a XX 
650 |a Secularización 
650 |a Alienación 
650 |a Legitimidad e Ilegitimidad 
650 |a Cosmovisión 
650 |a Teodicea 
650 |a Teología 
650 |a Religión -  |x Teoría 
650 |a Sociología del Conocimiento 
650 |a Sociología de la Religión -  |x Tema Principal 
910 |a Fondo General 
920 |a Impresos - Libros 
930 |a Colección General 
905 |a 101 
901 |a 0500209078  |b IT1  |c ACC  |i C132362  |u 20250521 
902 |a https://opac.biblio.iteso.mx/vufind/Record/000321958